000 01621nam1a2200301 4500
001 RU\NLR\BIBL_A\010706448
005 20250807190007.0
035 _a(NLR Aleph) 010706448
090 _a1352
_c1352
100 _a20250807 rusy50
101 0 _arus
102 _aRU
105 _a||||z||||||||
200 1 _aВ помощь начальнику клуба, парторгу, комсоргу, библиотекарю и книгоноше
_eбюллетень
_fПолитическое Управление Краснознаменного Балтийского Флота, [IV отдел ПУ КБФ
_gотв. редактор: М.Т. Мельник]
210 _aЛенинград
_c2-я типо-литография УВМИ
_d1943
215 _d17,3х12,8х0,4
300 _aНа тит. л. лозунг: Смерть немецким оккупантам!
606 1 _aКниги
_xПропаганда в вооруженных силах
_jРуководства, пособия и т.п
_2nlr_sh2
_3RU\NLR\AUTH\6601568626
689 1 _aЦ4,6(2)425.223.3я7
702 1 _aМельник
_bМ. Т.
_cред. изд-ва
_f1908-
_gМихаил Терентьевич
_3RU\NLR\AUTH\770140376
_4340
712 0 2 _aБалтийский флот
_bПолитическое управление
_3RU\NLR\AUTH\8810005574
_4570
852 _aNLR
_jII Л3-259/1-109 а
942 _cBOOK
945 _aРоссийская национальная библиотека
980 _aNB
980 _aBV